[Event "Doeberl Cup Minor 43rd"]
[Site "Canberra"]
[Date "2005.03.28"]
[Round "7"]
[White "Chow, Justin"]
[Black "Sike, Paul"]
[Result "1/2-1/2"]
[WhiteElo "1245"]
[BlackElo "1457"]
[PlyCount "81"]
[EventDate "2005.03.25"]
[EventType "swiss"]
[EventRounds "7"]
[EventCountry "AUS"]
[SourceTitle "EXT 2009"]
[Source "ChessBase"]
[SourceDate "2008.11.26"]
[SourceVersion "1"]
[SourceVersionDate "2008.11.26"]
[SourceQuality "1"]

1. e4 e5 2. Nf3 Nc6 3. d4 exd4 4. Bc4 Be7 5. Nxd4 d6 6. 0-0 Bd7 7. c3 Nf6 8. Re1 0-0 9. b4 Ne5 10. Bb3 c5 11. bxc5 dxc5 12. Nf5 Bxf5 13. Qxd8 Rfxd8 14. exf5 Bd6 15. Bg5 c4 16. Bc2 Nd3 17. Rd1 Be5 18. Na3 Bxc3 19. Rab1 Nb2 20. Rxd8+ Rxd8 21. Nb5 Be5 22. f4 Bd4+ 23. Nxd4 Rxd4 24. Rxb2 Rd2 25. Rxb7 h6 26. Bxf6 gxf6 27. Be4 c3 28. Rc7 Rd4 29. Bc2 Rxf4 30. Rxc3 Rd4 31. Rc7 Rd2 32. Bb3 Rd4 33. Bxf7+ Kf8 34. Rxa7 Rd1+ 35. Kf2 Rd2+ 36. Kg3 Rd3+ 37. Kg4 Rd2 38. Kh5 Rxg2 39. Kxh6 Rxh2+ 40. Kg6 Rh6+ 41. Kxh6 1/2-1/2

[Event "Doeberl Cup Minor 41st"]
[Site "Canberra"]
[Date "2003.04.18"]
[Round "1.25"]
[White "Sike, Paul"]
[Black "Smith, Kayleigh"]
[Result "1-0"]
[WhiteElo "1375"]
[BlackElo "739"]
[PlyCount "73"]
[EventDate "2003.04.18"]
[EventType "swiss"]
[EventRounds "7"]
[EventCountry "AUS"]
[SourceTitle "EXT 2006"]
[Source "ChessBase"]
[SourceDate "2005.11.24"]
[SourceVersion "1"]
[SourceVersionDate "2005.11.24"]
[SourceQuality "1"]

1. d4 Nf6 2. Nf3 g6 3. Nbd2 c5 4. c3 Bg7 5. e3 Nc6 6. dxc5 0-0 7. Qc2 Qa5 8. b4 Nxb4 9. cxb4 Qxb4 10. Rb1 Qa5 11. Be2 Nd5 12. 0-0 Nc3 13. Nb3 Qb4 14. Bd3 b6 15. cxb6 axb6 16. Bd2 Rxa2 17. Qxa2 Nxa2 18. Bxb4 Nxb4 19. Bb5 d6 20. Nbd4 e5 21. Rxb4 exd4 22. Nxd4 Bb7 23. Bc6 Ba6 24. Rxb6 Bxf1 25. Kxf1 Rc8 26. g3 h5 27. Bf3 Bf6 28. Kg2 Kg7 29. Bd5 Be7 30. Rb7 Re8 31. Nc6 Kf8 32. f4 f5 33. Kf3 Rc8 34. Nxe7 Rc5 35. Nxg6+ Ke8 36. Be6 d5 37. Rb8+ 1-0